Music Quiz

Random Music Quiz
Score 0/275 Timer 12:00
0 Plays Today
Answer % Correct
the
99.2%
the
99.2%
a
99.2%
and
99.2%
the
99.2%
the
99.2%
and
99.2%
the
99.2%
the
99.2%
the
99.2%
the
99.2%
the
99.2%
and
99.2%
the
99.2%
the
99.2%
and
99.2%
the
99.2%
and
99.2%
the
99.2%
the
99.2%
and
99.2%
the
99.2%
and
99.2%
a
99.2%
and
99.2%
the
99.2%
the
99.2%
and
99.2%
the
99.2%
and
99.2%
the
99.2%
the
99.2%
and
99.2%
the
99.2%
and
99.2%
the
99.2%
you
95.5%
you
95.5%
you
95.5%
you
95.5%
I
92.6%
in
92.3%
your
92%
your
92%
your
92%
your
92%
your
92%
your
92%
your
92%
your
92%
your
92%
your
92%
your
92%
your
92%
your
92%
down
91.5%
down
91.5%
down
91.5%
down
91.5%
down
91.5%
down
91.5%
all
89.9%
all
89.9%
all
89.9%
all
89.9%
all
89.9%
all
89.9%
to
89.4%
to
89.4%
to
89.4%
to
89.4%
sun
88.6%
sun
88.6%
sun
88.6%
sun
88.6%
sun
88.6%
for
88.3%
for
88.3%
on
87.5%
in
87%
in
87%
in
87%
in
87%
in
87%
in
87%
in
87%
in
87%
in
87%
of
86.4%
of
86.4%
of
86.4%
silver
86.4%
Answer % Correct
of
86.4%
of
86.4%
silver
86.4%
silver
86.4%
of
86.4%
sing
86.2%
blue
86.2%
sing
86.2%
blue
86.2%
sing
86.2%
sing
86.2%
blue
86.2%
behind
85.6%
heart
85.6%
behind
85.6%
heart
85.6%
behind
85.6%
heart
85.6%
behind
85.6%
behind
85.6%
heart
85.6%
behind
85.6%
heart
85.6%
Out
85.1%
out
85.1%
me
84.6%
so
84.6%
beating
84.6%
beating
84.6%
beating
84.6%
so
84.6%
me
84.6%
beating
84.6%
beating
84.6%
new
84.3%
dress
84.3%
dress
84.3%
dress
84.3%
dress
84.3%
dress
84.3%
looking
84%
place
83.2%
front
83%
front
83%
front
83%
front
83%
front
83%
time
82.7%
time
82.7%
time
82.7%
time
82.7%
time
82.7%
are
81.6%
with
81.4%
with
81.4%
with
81.4%
with
81.4%
with
81.4%
with
81.4%
drive
81.1%
heavy
80.1%
engine
80.1%
heavy
80.1%
engine
80.1%
heavy
80.1%
engine
80.1%
heavy
80.1%
engine
80.1%
heavy
80.1%
engine
80.1%
moving
79.5%
sit
78.7%
shadowy
78.7%
shadowy
78.7%
shadowy
78.7%
shadowy
78.7%
shadowy
78.7%
beside
77.9%
tar
76.9%
charming
76.9%
throbs
76.6%
throbs
76.6%
throbs
76.6%
throbs
76.6%
throbs
76.6%
day
73.4%
my
73.2%
lined
73.1%
lined
73.1%
lined
73.1%
lined
73.1%
lined
73.1%
Answer % Correct
drips
72.9%
drips
72.9%
drips
72.9%
drips
72.9%
drips
72.9%
glides
72.6%
droning
72.6%
droning
72.6%
droning
72.6%
droning
72.6%
droning
72.6%
plains
72.1%
newly
71.3%
away
71.3%
lane
70.7%
another
70.7%
way
69.4%
my
69.4%
drops
69.1%
that
66.8%
side
66.2%
sky
64.9%
up
64.4%
sweating
64.1%
dew
63.8%
her
63.8%
haze
63.6%
lady
62.8%
watch
62.8%
western
62.5%
glisten
62.2%
isle
62.2%
aphids
62%
deep
61.4%
living
61.2%
drifting
60.9%
gaze
60.6%
seagull
60.4%
mind
60.4%
eyes
60.4%
swim
59.3%
fast
59.3%
swarm
59%
towards
59%
hollow
58.8%
envied
58.8%
lie
58.8%
holds
58.5%
lovers
58.2%
from
58%
bedding
57.7%
bedding
57.7%
bedding
57.7%
bedding
57.7%
bedding
57.7%
what
57.2%
watching
56.6%
smiling
55.9%
feel
55.1%
part
54.5%
further
54.5%
leave
53.2%
splinters
52.9%
glass
52.1%
only
51.3%
brooding
50.8%
tear
50.3%
lies
49.2%
freshing
45.5%
I'll
43.1%
this
42.3%
stiffen
41.5%
more
39.9%
more
39.9%
but
39.4%
colour
39.4%
than
38.3%
just
37.8%
there's
36.7%
thought
36.2%
now
35.6%
shape
34.3%
near
34.1%
calling
33%
grass
31.4%
tent
31.4%
who's
31.1%
kind
30.9%
camouflage
30.3%
tall
29.5%
listen
28.4%
Remove Ads.
Support Sporcle.
Get the best of Sporcle when you Go Orange. This ad-free experience offers more features, more stats, and more fun while also helping to support Sporcle. Thank you for becoming a member.

You're not logged in!

Compare scores with friends on all Sporcle quizzes.
OR
Log In

Show Comments

Extras

Top Quizzes Today


Score Distribution

Your Account Isn't Verified!

In order to create a playlist on Sporcle, you need to verify the email address you used during registration. Go to your Sporcle Settings to finish the process.

Report this User

Report this user for behavior that violates our Community Guidelines.

Details: